| 000 | 00750nam a22002297i 4500 | ||
|---|---|---|---|
| 003 | DO-SdBNP | ||
| 005 | 20230417120837.0 | ||
| 007 | ta | ||
| 008 | 210922b2010 ||||| |||| 00| 0 spa d | ||
| 040 |
_aDO-SdBNP _bspa _cBNPHU _erda |
||
| 082 |
_axxx _bR426p _222 |
||
| 110 |
_aRepública Dominicana. _bCámara de Diputados _932238 |
||
| 245 |
_aProyecto de Modernización y Fortalecimiento Institucional : _bsistematización de experiencias relevantes / _cFrancisco Nuberg |
||
| 264 |
_aSanto Domingo : _bPNUD, _c2010 |
||
| 300 |
_a66 p. : _bil. ; _c21 cm |
||
| 336 |
_2rdacontent. _atexto _btxt |
||
| 337 |
_2rdamedia _asin mediación _bn |
||
| 338 |
_2rdacarrier _avolumen _bnc |
||
| 590 | _aInventariado, 2021 / DG | ||
| 910 | _aD/G | ||
| 942 |
_2ddc _cLBS1 |
||
| 999 |
_c50629 _d50629 |
||